00714nam a2200241 a 4500001001300000003000900013005001700022008004100039020002300080082001300103100002000116245003700136260003400173300000900207500003500216650002600251650002600277700002000303902000800323942000700331952011700338999001700455nice12345678IN_TiNIC20260116014859.0121106s2010 lona grp 000 0 eng  a9780141018409c39900a103bMAU aMautner, Thomas aPenguin Dictionary of Philosophy aLondon bPenguin Books c2010 a663p aincludes index and biblioraphy aPhilosophy-Dictionary aDictionary-Philosophy1 aMautner, Thomas bSRS cBK 001040708REFaHMIbHMIcREFd2012-11-06g399.00l3o103 MAUp023951r2018-02-06s2017-08-29w2026-01-16yREF c17390d17390